[Event "UGA-ch"]
[Site "Kampala"]
[Date "2011.12.20"]
[Round "9"]
[White "Musisi, Abbey"]
[Black "Atuhairwe, Phillip"]
[Result "1-0"]
[WhiteElo "1950"]
[BlackElo "1950"]
[PlyCount "63"]
[EventDate "2011.12.05"]
[EventType "swiss"]
[EventRounds "10"]
[EventCountry "UGA"]
[SourceTitle "EXT 2013"]
[Source "ChessBase"]
[SourceDate "2012.11.22"]
[SourceVersion "1"]
[SourceVersionDate "2012.11.22"]
[SourceQuality "1"]

1. d4 d5 2. Nc3 Nf6 3. Bg5 e6 4. e4 dxe4 5. Nxe4 Be7 6. Bxf6 Bxf6 7. c3 0-0 8. Bd3 b6 9. Nf3 Bb7 10. Qc2 Nd7 11. 0-0 g6 12. h3 Bg7 13. Nh2 Rc8 14. Rad1 Nf6 15. Nxf6+ Qxf6 16. Be4 Ba6 17. Bd3 Bxd3 18. Qxd3 Qe7 19. Nf3 Rfd8 20. Qe3 c5 21. d5 Rd6 22. Rd2 Qf8 23. Qe4 exd5 24. Rxd5 Re8 25. Qd3 Red8 26. Rxd6 Qxd6 27. Qxd6 Rxd6 28. Rb1 Kf8 29. Kf1 Ke7 30. c4 Rd3 31. Ke2 Rd6 32. b3 1-0

[Event "UGA-ch"]
[Site "Kampala"]
[Date "2011.12.12"]
[Round "6"]
[White "Atuhairwe, Phillip"]
[Black "Kakooza, Kenneth"]
[Result "0-1"]
[WhiteElo "1950"]
[BlackElo "2177"]
[PlyCount "76"]
[EventDate "2011.12.05"]
[EventType "swiss"]
[EventRounds "10"]
[EventCountry "UGA"]
[SourceTitle "EXT 2013"]
[Source "ChessBase"]
[SourceDate "2012.11.22"]
[SourceVersion "1"]
[SourceVersionDate "2012.11.22"]
[SourceQuality "1"]

1. e4 d6 2. d4 Nf6 3. Nc3 c6 4. Nf3 Bg4 5. Be2 Nbd7 6. 0-0 e6 7. d5 e5 8. Ng5 Bxe2 9. Qxe2 h6 10. Nh3 g5 11. f3 Bg7 12. Nf2 0-0 13. Qc4 Nb6 14. Qd3 c5 15. b3 a6 16. Ncd1 Nc8 17. Ne3 Ne7 18. a4 Qd7 19. Nc4 Rab8 20. a5 Nh5 21. Nb6 Qd8 22. g3 Qc7 23. Ng4 Nc8 24. Nc4 Ne7 25. Ra2 Nc8 26. Nge3 Ne7 27. c3 Nc8 28. Nf5 Ne7 29. Ncxd6 Rfd8 30. Nxe7+ Qxe7 31. Nf5 Qd7 32. Be3 Bf8 33. h4 gxh4 34. Rh2 Nxg3 35. Rff2 Nxf5 36. exf5 Qxd5 37. Rfg2+ Kh7 38. f6+ Qxd3 0-1

[Event "UGA-ch"]
[Site "Kampala"]
[Date "2011.12.06"]
[Round "3"]
[White "Atuhairwe, Phillip"]
[Black "Luggya, Vianney"]
[Result "0-1"]
[WhiteElo "1950"]
[BlackElo "2015"]
[PlyCount "84"]
[EventDate "2011.12.05"]
[EventType "swiss"]
[EventRounds "10"]
[EventCountry "UGA"]
[SourceTitle "EXT 2013"]
[Source "ChessBase"]
[SourceDate "2012.11.22"]
[SourceVersion "1"]
[SourceVersionDate "2012.11.22"]
[SourceQuality "1"]

1. e4 e6 2. d4 d5 3. Nc3 Nf6 4. e5 Nfd7 5. f4 c5 6. Nf3 Nc6 7. Be3 Qb6 8. Rb1 cxd4 9. Bxd4 Nxd4 10. Nxd4 Bc5 11. Nce2 Qa5+ 12. Nc3 Qb6 13. Na4 Qa5+ 14. c3 Bxd4 15. b4 Bxc3+ 16. Nxc3 Qb6 17. Qd2 0-0 18. Na4 Qd8 19. Bd3 Qh4+ 20. g3 Qh3 21. Nc3 f6 22. Bf1 Qh6 23. exf6 Nxf6 24. Nb5 Ne4 25. Qe3 e5 26. Qd3 Qc6 27. fxe5 Nf2 28. Qe3 Nxh1 29. Rc1 Qb6 30. Qxb6 axb6 31. Rc2 Bf5 32. Rd2 Be4 33. Nc7 Rac8 34. Nxd5 Rc1+ 35. Ke2 Rcxf1 36. Ne7+ Kh8 37. Ke3 Bc6 38. e6 Re1+ 39. Re2 Rxe2+ 40. Kxe2 Re8 41. Nf5 Rxe6+ 42. Kf1 Rf6 0-1

[Event "UGA-ch"]
[Site "Kampala"]
[Date "2011.12.05"]
[Round "2"]
[White "Mugyenyi, Johnson"]
[Black "Atuhairwe, Phillip"]
[Result "0-1"]
[WhiteElo "1950"]
[BlackElo "1950"]
[PlyCount "72"]
[EventDate "2011.12.05"]
[EventType "swiss"]
[EventRounds "10"]
[EventCountry "UGA"]
[SourceTitle "EXT 2013"]
[Source "ChessBase"]
[SourceDate "2012.11.22"]
[SourceVersion "1"]
[SourceVersionDate "2012.11.22"]
[SourceQuality "1"]

1. e4 c5 2. c3 d5 3. Nf3 e6 4. Be2 dxe4 5. Qa4+ Nc6 6. Qxe4 Nf6 7. Qc2 Be7 8. d3 0-0 9. Nbd2 b6 10. Ne4 Bb7 11. Be3 Nd5 12. Bd2 Qc7 13. d4 cxd4 14. cxd4 Rfd8 15. Neg5 g6 16. h4 Rac8 17. Qd3 Ncb4 18. Bxb4 Nxb4 19. Qb1 Nc2+ 20. Kf1 Nxa1 21. Qxa1 Qc1+ 22. Qxc1 Rxc1+ 23. Ne1 Bb4 24. Ngf3 Bxf3 25. gxf3 Rxe1+ 26. Kg2 Rxe2 27. a3 Bf8 28. b4 Rxd4 29. h5 Rdd2 30. hxg6 Rxf2+ 31. Kg3 Bd6+ 32. Kg4 Rg2+ 33. Kh5 hxg6+ 34. Kh4 Rd4+ 35. Kh3 Rg3+ 36. Kh2 Rh4# 0-1